Essential Business Communication/ (Record no. 166806)

MARC details
000 -LEADER
fixed length control field 00562nam a22001697a 4500
010 ## - LCCN (DPL NO)
LC control number ENG-126151
020 ## - INTERNATIONAL STANDARD BOOK NUMBER
International Standard Book Number 978-93-87253-49-0
Terms of availability 140.00
035 ## - SYSTEM CONTROL NUMBER
System control number EN-109683
037 ## - SOURCE OF ACQUISITION
Source of stock number/acquisition DBAD/PUB
082 ## - DEWEY DECIMAL CLASSIFICATION NUMBER
Classification number 651.7
100 ## - MAIN ENTRY--PERSONAL NAME
Personal name Garg,Manoj Kumar
245 ## - TITLE STATEMENT
Title Essential Business Communication/
Statement of responsibility, etc byManoj Kumar Garg
260 ## - PUBLICATION, DISTRIBUTION, ETC. (IMPRINT)
Place of publication, distribution, etc New Delhi
Name of publisher, distributor, etc Kitab Mahal Publishers
Date of publication, distribution, etc 2019
270 ## - ADDRESS
Address 20,Ansari Road,Daryaganj
City New Delhi
Postal code 110002
Electronic mail address kitab_mahal@hotmail.com
Telephone number 23273230
Fax number 011-23289285
300 ## - PHYSICAL DESCRIPTION
Extent 192p.
Other physical details ill
Dimensions 20cm(pbk)
942 ## - ADDED ENTRY ELEMENTS (KOHA)
Source of classification or shelving scheme Dewey Decimal Classification
Item type English Books
Classification part 651.7
Call number suffix GAR
Holdings
Withdrawn status Lost status Not for loan Collection code Home library Current library Date acquired Source of acquisition Cost, normal purchase price Full call number Barcode Copy number Cost, replacement price Koha item type
      Non-fiction Ashok Vihar Ashok Vihar 08/08/2019 DBAD/PUB 140.00 651.7 GAR EN-109683 1 140.00 English Books

© Delhi Public Library
Hit Counter
free hit counter